Statistics for Africa Map Quiz

Click here to take the quiz!

General Stats

  • This quiz has been taken 1,169,801 times
  • The average score is 32 of 54

Answers on the Map

Answers color-coded by a green-red scale on the quiz's map according to % correct below.
Loading ...
 

Answer Stats

Answer % Correct
Egypt
90%
Morocco
85%
South Africa
83%
Algeria
83%
Libya
81%
Madagascar
81%
Tunisia
78%
Sudan
76%
Somalia
76%
Ethiopia
71%
Congo (Dem. Rep.)
71%
Chad
70%
South Sudan
69%
Eritrea
65%
Djibouti
65%
Central African
Republic
64%
Eswatini
64%
Kenya
64%
Lesotho
62%
Niger
62%
Mozambique
61%
Angola
60%
Nigeria
59%
Tanzania
59%
Rwanda
57%
Namibia
57%
Uganda
56%
Mali
54%
Zimbabwe
54%
Botswana
54%
Congo (Rep. of)
54%
Togo
53%
Mauritania
53%
Malawi
52%
Equatorial Guinea
51%
Cameroon
51%
Burundi
50%
Cape Verde
50%
Ivory Coast
49%
Zambia
49%
Senegal
48%
São Tomé and
Príncipe
48%
Ghana
47%
Burkina Faso
47%
Seychelles
45%
Mauritius
44%
Benin
44%
Sierra Leone
43%
Gambia
42%
Gabon
41%
Liberia
41%
Guinea-Bissau
40%
Comoros
39%
Guinea
38%

Score Distribution

Percentile by Number Answered

Percent of People with Each Score

Your Score History

You have not taken this quiz